Теоретическое обоснование создания и опыт применения автоматизированного учебно-методического комплекса (на примере курса теоретических основ электротехники): автореферат диссертации на соискание ученой степени кандидата педагогических наук; спец. 13.00.08

Λεπτομέρειες βιβλιογραφικής εγγραφής
Κύριος συγγραφέας: Фикс Н. П. Наталья Павловна
Συγγραφή απο Οργανισμό/Αρχή: Томский государственный университет систем управления и радиоэлектроники (ТУСУР) Кафедра теоретических основ электротехники
Άλλοι συγγραφείς: Дмитриев В. М. (научный руководитель), Соколова И. Ю. Ирина Юрьевна
Περίληψη:Защита состоится 15.02.2002 г.
Γλώσσα:Ρωσικά
Έκδοση: Томск, [Б. и.], 2001
Θέματα:
Μορφή: Βιβλίο
KOHA link:https://koha.lib.tpu.ru/cgi-bin/koha/opac-detail.pl?biblionumber=266625

MARC

LEADER 00000nam0a2200000 4500
001 266625
005 20231219135926.0
035 |a (RuTPU)RU\TPU\book\289645 
090 |a 266625 
100 |a 20140711d2001 k y0rusy50 ca 
101 0 |a rus 
102 |a RU 
105 |a a dm 001zy 
200 1 |a Теоретическое обоснование создания и опыт применения автоматизированного учебно-методического комплекса (на примере курса теоретических основ электротехники)  |e автореферат диссертации на соискание ученой степени кандидата педагогических наук  |e спец. 13.00.08  |f Н. П. Фикс  |g Томский государственный университет систем управления и радиоэлектроники (ТУСУР), Кафедра теоретических основ электротехники ; науч. рук. В. М. Дмитриев, И. Ю. Соколова 
210 |a Томск  |c [Б. и.]  |d 2001 
215 |a 25 с.  |c ил. 
300 |a Защита состоится 15.02.2002 г. 
320 |a Библиогр.: с. 23-25 (17 назв.) 
606 1 |a Программированное обучение  |x В высшей школе  |2 stltpush  |3 (RuTPU)RU\TPU\subj\51797  |9 70360 
610 1 |a обучающие технологии 
610 1 |a обучающие машины 
610 1 |a обучающие комплексы 
610 1 |a автоматизация 
610 1 |a создание 
610 1 |a применение 
610 1 |a теоретическое обоснование 
610 1 |a ТОЭ 
610 1 |a электротехника теоретическая 
610 1 |a профессиональное образование 
610 1 |a авторефераты диссертаций 
686 |a Ч481.23  |2 rubbk 
686 |a 13.00.08  |2 oksvnk 
700 1 |a Фикс  |b Н. П.  |c специалист в области электротехники  |c доцент Томского политехнического университета, кандидат педагогических наук  |f 1971-  |g Наталья Павловна  |3 (RuTPU)RU\TPU\pers\31095  |9 15324 
702 1 |a Дмитриев  |b В. М.  |4 727 
702 1 |a Соколова  |b И. Ю.  |c специалист в области инженерной педагогики  |c профессор Томского политехнического университета, доктор педагогических наук  |f 1936-  |g Ирина Юрьевна  |3 (RuTPU)RU\TPU\pers\24486  |4 727 
712 0 2 |a Томский государственный университет систем управления и радиоэлектроники (ТУСУР)  |b Кафедра теоретических основ электротехники  |c (1997 - )  |3 (RuTPU)RU\TPU\col\422 
801 1 |a RU  |b 63413507  |c 20140711 
801 2 |a RU  |b 63413507  |c 20170208  |g RCR 
942 |c BK